000 00398nam a2200169Ia 4500
008 221030s9999 xx 000 0 und d
020 _a8129700468
041 _aEnglish
082 _a105.23
_bGhe
100 _aC. Ghezzi
245 0 _aFundamentals of Software Engineering
250 _a2nd
260 _bPearson Education
_aDelhi
_c2003
300 _a604
650 _aComputers
942 _cBK
999 _c1673
_d1673